PKP - quiz wielokrotnego wyboru - Statystyki

Ogólne statystyki
  • Ten quiz został rozwiązany 309 razy
  • Średni wynik to 9 z 15
Statystyki odpowiedzi
Zagadnienie Odpowiedź % Poprawnych
Jaka jest najwyższa w hierarchii kategoria pociągów? Express InterCity Premium
92%
Jaka była dawna nazwa Polregio? Przewozy Regionalne
84%
Co oznacza skrót SKM? Szybka Kolej Miejska
83%
Do jakiego miasta został uruchomiony pociąg "Adriatic Express"? Rijeka
80%
Co oznacza skrót TLK? Twoje Linie Kolejowe
75%
Która z tych lokomotyw jest nazywana "Husarzem" EU44
71%
"Przemyślanin" to nazwa pociągu jakiej kategorii? IC
65%
Który z tych przewoźników NIE jest zależny od Polregio? Koleje Dolnośląskie
63%
Jakie jest największe miasto bez kolei pasażerskiej? Jastrzębie-Zdrój
55%
Która z tych katastrof kolejowych jest największa? Katastrofa kolejowa pod Otłoczynem
45%
Jaki jest największy dworzec kolejowy w Polsce? Wrocław Główny
43%
Na której z tych stacji można zobaczyć regularnie kursujące parowozy? Poznań Główny
42%
Który przewoźnik kolejowy obsługuje najwięcej pasażerów? Polregio
41%
Jakie jest najdłuższe połączenie kolejowe? Przemyśl - Hel
22%
W którym roku po Polsce zaczęły kursować pociągi "Pendolino"? 2013
16%
Nie znaleziono quizów pasujących do podanych kryteriów
Rozkład punktacji
Procent ludzi z każdym wynikiem
Percentyl według liczby udzielonych odpowiedzi
Twoja historia wyników
Nie rozwiązałeś tego quizu